Sůl moře /
Druhá světová válka je téměř u konce. Statisíce Němců prchají před postupující Rudou armádou. Stejně jako Joana, Emilia a Florian, jejichž cesty se zkřížily na lodi, která slibovala spásu a cestu ke svobodě. Donuceni okolnostmi drží při sobě, ale když se zdá záchrana na dosah, udeří tragédie. Původ,...
Uloženo v:
| Hlavní autor: | |
|---|---|
| Další autoři: | |
| Médium: | E-kniha |
| Jazyk: | Czech |
| Vydáno: |
V Praze :
CooBoo,
2016
|
| Vydání: | 1. vydání |
| Témata: | |
| Tagy: |
Žádné tagy |
| LEADER | 03589nam a2200685 i 4500 | ||
|---|---|---|---|
| 001 | 310636 | ||
| 003 | CZ PrSKC | ||
| 005 | 20260601215652.0 | ||
| 007 | ta | ||
| 008 | 160919s2016 xr g 000 f cze | ||
| 015 | |a cnb002833919 | ||
| 020 | |a 9788075441805 |q (vázáno) | ||
| 035 | |a (OCoLC)960191116 | ||
| 040 | |a OLA001 |b cze |e rda | ||
| 041 | 1 | |a cze |h eng | |
| 043 | |a e-gx--- |a en----- | ||
| 045 | |a x3x4 | ||
| 072 | 7 | |a 821.111(73)-3 |x Americká próza |2 Konspekt | |
| 080 | |a 821.111(73)-31 |2 MRF | ||
| 080 | |a 94(100)"1939/1945" |2 MRF | ||
| 080 | |a 629.54 |2 MRF | ||
| 080 | |a 656.085.3 |2 MRF | ||
| 080 | |a 656.61.085 |2 MRF | ||
| 080 | |a (430) |2 MRF | ||
| 080 | |a (261.24) |2 MRF | ||
| 080 | |a (0:82-311.6) |2 MRF | ||
| 100 | 1 | |a Sepetys, Ruta, |d 1967- |7 xx0164100 |4 aut | |
| 240 | 1 | 0 | |a Salt to the sea. |l Česky |
| 245 | 1 | 0 | |a Sůl moře / |c Ruta Sepetysová ; přeložil Petr Eliáš |
| 250 | |a 1. vydání | ||
| 264 | 1 | |a V Praze : |b CooBoo, |c 2016 | |
| 300 | |a 351 stran ; |c 21 cm | ||
| 336 | |a text |b txt |2 rdacontent | ||
| 337 | |a bez média |b n |2 rdamedia | ||
| 338 | |a svazek |b nc |2 rdacarrier | ||
| 500 | |a Přeloženo z angličtiny | ||
| 520 | 2 | |a Druhá světová válka je téměř u konce. Statisíce Němců prchají před postupující Rudou armádou. Stejně jako Joana, Emilia a Florian, jejichž cesty se zkřížily na lodi, která slibovala spásu a cestu ke svobodě. Donuceni okolnostmi drží při sobě, ale když se zdá záchrana na dosah, udeří tragédie. Původ, kultura, společenský status? Nic z toho není člověku platné, nic z toho ho totiž neušetří. Všichni lidé na palubě teď chtějí jediné: přežít. Strastiplnou cestu do přístavu, kde čeká záchrana, líčí jednotliví protagonisté: mladá litevská ošetřovatelka, nezletilá polská dívka, záhadný německý voják... Kapitoly se střídají v rychlém sledu spolu s blížící se všudypřítomnou zkázou. S využitím nakladatelské anotace. | |
| 520 | 2 | |a Na pozadí skutečné historické události (operace Hannibal) sledujeme dramatický zápas o přežití pohledem skupinky válečných uprchlíků. | |
| 610 | 2 | 7 | |a Wilhelm Gustloff (parník) |7 olak2002158680 |2 czenas |
| 648 | 7 | |a 1939-1945 |7 ch460653 |2 czenas | |
| 648 | 7 | |a 1945 |7 ch460654 |2 czenas | |
| 650 | 0 | 7 | |a druhá světová válka (1939-1945) |7 ph117270 |2 czenas |
| 650 | 0 | 7 | |a námořní lodě |7 ph115501 |z Německo |y 1939-1945 |2 czenas |
| 650 | 0 | 7 | |a ztroskotání lodí |7 ph249497 |z Baltské moře |y 1939-1945 |2 czenas |
| 650 | 0 | 7 | |a námořní katastrofy |7 ph115500 |z Baltské moře |y 1939-1945 |2 czenas |
| 650 | 0 | 9 | |a World War (1939-1945) |2 eczenas |
| 650 | 0 | 9 | |a naval vessels |z Germany |y 1939-1945 |2 eczenas |
| 650 | 0 | 9 | |a shipwrecking |z Baltic Sea |y 1939-1945 |2 eczenas |
| 650 | 0 | 9 | |a marine accidents |z Baltic Sea |y 1939-1945 |2 eczenas |
| 655 | 7 | |a americké romány |7 fd131796 |2 czenas | |
| 655 | 7 | |a historické romány |7 fd132414 |2 czenas | |
| 655 | 9 | |a American fiction |2 eczenas | |
| 655 | 9 | |a historical novels |2 eczenas | |
| 700 | 1 | |a Eliáš, Petr, |d 1986- |7 xx0079819 |4 trl | |
| 900 | |a ABA001 |b 20 | ||
| 928 | 9 | |a Albatros Media - CooBoo | |
| 044 | |a xr | ||
| 910 | |a RBIT002 | ||
| 998 | |d 171347 |a https://core.palmknihy.cz/api/books/171347/cover?sko299 |b https://core.palmknihy.cz/api/books/171347/cover/400?sko299 |c https://core.palmknihy.cz/api/books/171347/cover/50?sko299 |e 2027-03-23 |g 352 |i 9788075441805 |j https://core.palmknihy.cz/api/books/171347/preview.epub |k https://core.palmknihy.cz/api/books/171347/preview.pdf |l |q 49 |r 1 |s https://www.palmknihy.cz/kniha/171347 |t ebook |y 2016 |z 0 | ||
| 999 | |d 310634 | ||